The reefer market 1998 changing perspectives and new challenges

Αποθηκεύτηκε σε:
Λεπτομέρειες βιβλιογραφικής εγγραφής
Συγγραφή απο Οργανισμό/Αρχή: G.P.Wild (International) LTD
Μορφή: Βιβλίο
Γλώσσα:English
Δημοσίευση: London : LLP, 1998
Σειρά:Lloyd's Shipping Economist management reports
Θέματα:
Ετικέτες: Προσθήκη ετικέτας
Δεν υπάρχουν, Καταχωρήστε ετικέτα πρώτοι!

MARC

LEADER 00000nam a2200000 i 4500
001 1/66629
008 980910s1998 eng d
020 |a 1859788432 
035 |l 10029853 
040 |a GR-MY-UA  |b gre  |e aacr 
041 0 |a eng 
082 0 |a 387.544 
110 2 |a G.P.Wild (International) LTD. 
245 1 4 |a The reefer market 1998/99 :  |b changing perspectives and new challenges 
260 |a London :   |b LLP,   |c 1998 
300 |a 187 P. 
490 1 |a Lloyd's Shipping Economist management reports 
650 0 0 |a Refrigerated transport. 
650 0 0 |a Refrigerator ships. 
650 0 0 |a Market surveys. 
830 0 |a Lloyd's Shipping Economist management reports 
852 |a INST  |b CHIOS  |e 19980910  |h 387.544 REF  |p 005200015643  |q 005200015643  |t NOLOAN  |y 23 
901 |a BIBL-1998-3 
909 |a Χ  |b 054817 
922 |a 2ΕΛΗ  |b 199809  |c ΤΝΕΥ  |d ΜΑΝΤΑΡΑΚΗΣ